| 000 | 00433nam a2200193Ia 4500 | ||
|---|---|---|---|
| 008 | 170918s9999 xx 000 0 und d | ||
| 020 | _a590762540 | ||
| 050 | _bA648an 1998 | ||
| 100 | _aApplegate, K.A. | ||
| 245 | 4 | _aThe threat / | |
| 245 | _cby K.A. Applegate. | ||
| 260 | _aUSA : | ||
| 260 | _bScholastic, | ||
| 260 | _c1998 | ||
| 300 | _a158 pages : | ||
| 300 | _billustrations ; | ||
| 300 | _c19cm. | ||
| 500 | _a560 | ||
| 999 |
_c343931 _d343931 |
||